| 000 | 00870nam a22002897a 4500 | ||
|---|---|---|---|
| 001 | 9914 | ||
| 003 | FISKH | ||
| 005 | 20260316141052.0 | ||
| 008 | 260316b cb ||||| |||| 00| 0 eng d | ||
| 020 | _a9780439978071 | ||
| 040 |
_aFISKH _beng _cFISKH _dFISKH |
||
| 050 | _aPN6110 .C4 | ||
| 082 | _a821 | ||
| 100 |
_aDean, Jan _eAuthor |
||
| 245 |
_aFunny Poems / _cCompiled by Jan Dean ; illustrated by Sarah Nayler |
||
| 260 |
_aLondon : _bScholastic Children's Books , _c2003 |
||
| 300 |
_a122 pages : _billustrations ; _c20 cm |
||
| 505 | _aP | ||
| 520 | _aIncludes poems such as: Snigger, Titter at Auntie's, Chortle and Guffaw. | ||
| 521 | 8 |
_a650
_bLexile estimate |
|
| 521 | 8 |
_aP
_bRaz-Plus |
|
| 650 |
_aPoetry _vHumour |
||
| 650 |
_aFunny stories _vRhymes |
||
| 700 |
_aNayler, Sarah _eIllustrator |
||
| 942 |
_2ddc _cBK _n0 |
||
| 999 |
_c9914 _d9914 |
||